1546 1816 1642 1771 1921 1453 1744 1869 1062 1894 1823 1374 1894 1388 1012 1861 1004 1705 1549 1098 1515 1567 1750 1980 1519 1544 1618 1526 1471 1246 1894 1042 1784 1543 1222 1803 1192 1996 1805 1754 1848 1666 1216 1977 1105 1171 1329 1897 1961 1446 1081 1921 1617 1214 1892 1746 1266 1204 1603 1170 1403 1708 1554 1846 1043 1698 1539 1398 1534 1578 1581 1164 1735 1331 1549 1045 1843 1685 1357 1912 1822 1526 1227 1517 1536 1187 1419 1965 1721 1491 1796 1222 1290 1035 1438 1048 1556 1620 1497 BCNSPRNW ULIB Ver.6.0+V

เปลี่ยนเป็นภาษาไทย

Change to English
 แสดงรายละเอียดบรรณานุกรม
  กลับหน้าหลัก

Brief Record : Get Marc (ISO 2709) : E-mail record : QR code < ปิดหน้าต่าง
LEADER : 00000nam 2200000uu 4500
001    13399113221
003     ULIB
008    111003s2548||||th 000 0 tha d
020    9741335512
050  4 QC21.2^bส264ฟ ล.1
100 0  สมพงษ์ ใจดี
245 10 ฟิสิกส์มหาวิทยาลัย 1 /^cสมพงษ์ ใจดี
250    พิมพ์ครั้งที่ 6
260    กรุงเทพฯ :^bสำนักพิมพ์แห่งจุฬาลงกรณ์มหาวิทยาลัย,^c2548
300    376 หน้า :^bภาพประกอบ ;^c26 ซม.
536    ได้รับ(รางวัล)สมนาคุณจากโครงการส่งเสริมการผลิตตำราและหนังสือคณะวิทยาศาสตร์ จุฬาลงกรณ์มหาวิทยาลัย
650  7 กลศาสตร์
650  7 จลนศาสตร์
650  7 พลศาสตร์
650  7 พลังงาน
650  7 ฟิสิกส์
945    ^p250^l0^i021488
945    ^p250^l0^i022114
945    ^p250^l0^i022115
945    ^p250^l0^i022116
995    ทศพร
999 ^a ทศพร
รายการนี้ยังไม่มีแท็ก
คุณยังไม่ได้ล็อกอิน คุณสามารถมีกิจกรรมร่วมกับเว็บไซต์ได้ แต่ต้องล็อกอินก่อน ::
  ล็อกอิน

รายการสื่อสารสนเทศ

ลำดับที่ ประเภท เลขเรียก/บาร์โค้ด สถานที่ สถานะ
- ไม่พบข้อมูล -

รายการใกล้เคียง
    ผู้แต่ง [สมพงษ์ ใจดี]

    หัวเรื่อง [กลศาสตร์]
    หัวเรื่อง [จลนศาสตร์]
    หัวเรื่อง [พลศาสตร์]
    หัวเรื่อง [พลังงาน]
    หัวเรื่อง [ฟิสิกส์]

BibComment


ยังไม่เคยถูกคอมเมนท์

คอมเมนท์ทรัพยากรรายการนี้
  คอมเมนท์: ฟิสิกส์มหาวิทยาลั..


 Copyright 2026. Bcnsprnw @Library